ثلاث شعائر : (رقم التسجيلة. 4205)

تفاصيل مارك
000 -الفاتح
عناصر البيانات ثابتة الطول 00658cam a2200181 i 4500
005 - تاريخ ووقت آخر معاملة
حقل ضبط 20251223112954.0
008 - عناصر البيانات ثابتة الطول
عناصر البيانات ثابتة الطول 250721s1991 jo gr 000 0 ara d
082 14 - رقم تصنيف ديوي العشري
رقم التصنيف 218,32
رقم المادة أ ش ق
100 1# - مدخل رئيسي – اسم شخصي
الاسم الشخصي الأشقر، عمر سليمان
علاقة الشخص بالعمل/ دوره مؤلف.بقلم الدكتور
245 10 - بيان العنوان
العنوان ثلاث شعائر :
بقية العنوان العقيقة - الأضحية- اللحية /
بيان المسؤولية بقلم الدكتور عمر سليمان الاشقر.
250 ## - بيان الطبعة
بيان الطبعة الطبعه الرابعه.
264 31 - بيانات النشر، التوزيع…إلخ
مكان النشر، التوزيع...إلخ عمان :
اسم الناشر، الموزع...إلخ دار النفائس،
تاريخ النشر، التوزيع...إلخ 1991.
300 ## - الوصف المادي
عدد الوحدات المكونة للوعاء 48 صفحة.
650 17 - مدخل إضافي بالموضوع - مصطلح موضوعي
مصطلح موضوعي أو اسم جغرافي كعنصر مدخل الإسلام.
650 17 - مدخل إضافي بالموضوع - مصطلح موضوعي
مصطلح موضوعي أو اسم جغرافي كعنصر مدخل الشعائر.
942 ## - بيانات إضافية (كوها)
نوع التنصيف Dewey Decimal Classification
نوع المادة (كوها) كتب
المقتنيات
حالة السحب حالة الفقدان مصدر التصنيف حالة التلف غير قابل للإعارة المكتبة الرئيسية المكتبة الحالية موقع الرف تاريخ التزويد الرقم المتسلسل Total Checkouts رقم الإستدعاء الباركود تاريخ آخر ظهور تاريخ الفاتورة نوع المادة (كوها)
    Dewey Decimal Classification     المكتبة المركزية المكتبة المركزية الإعارة 06/07/2004 175338   218,32 / أ ش ق 175338 28/07/2025 06/07/2004 كتب
    Dewey Decimal Classification     المكتبة المركزية المكتبة المركزية مقتنيات قسم التزويد 28/07/2025 1729645   218,32/أشق   28/07/2025 28/07/2025 كتب
    Dewey Decimal Classification Unchecked   مكتبة الاميرة بديعة مكتبة الاميرة بديعة الإعارة 06/07/2004 3492   218,32/أشق   28/07/2025 06/07/2004 كتب
    Dewey Decimal Classification     مكتبة صويلح العامة مكتبة صويلح العامة الإعارة 02/12/2015 [6749   218,32/أشق PLD00367433 28/07/2025 02/12/2015 كتب
    Dewey Decimal Classification     مكتبة وادي السير العامة مكتبة وادي السير العامة الإعارة 15/03/2016 [3954]..   218,32/أشق PLD00380008 28/07/2025 15/03/2016 كتب
Implemented & Customized by: BBB with SCIT (Smart Chains for Information Technology)

Powered by Koha